000 00279nam a2200097Ia 4500
008 220120s9999||||xx |||||||||||||| ||und||
100 _aDivya P.N and others
_912610
245 0 _aSmart helmet
260 _aCoorg Institute of Technology
_bPonnampet
_c2016
650 _aCOMPUTER SCIENCE
999 _c138208
_d138208